000 00780nas a2200253 4500
001 BR0804574
003 BR-BrBNA
005 20231205111838.0
007 ta
008 230509b bl.|||p| |||| 00| 00por d
040 _aBR-BrBNA
_bpor
_cBiblioteca Nacional de Agricultura
041 _a(Pt)
072 _aSem Cat Prim; K50
100 1 _aNisgoski, S.
100 1 _aMuniz, G.I.B. de
100 1 _aCeccantini, G.
245 1 _aCaracterização anatômica macroscópica das madeiras utilizadas para laminação da região de Curitiba-PR
650 _aLAMINADO
650 _aMADEIRA
650 _aCURITIBA
773 0 _tScientia Agraria (Brazil)
_xISSN 1519-1125
_g(2003), v. 4(1-2) p. 47-52
_wBR0804574
909 _a202311
_bLúcia
_c55
_dLúcia Elande
942 _2AGRIS
_n0
_cANA
999 _c194770
_d194770